00872nam a22002537a 45000010005000000030006000050050017000110080041000280200018000690400029000870500008001160820010001241000027001342450041001612600058002023000037002604900029002975050007003265200175003335210027005085210018005356500024005536500041005779670FISKH20260424135056.0260128b cb ||||| |||| 00| 0 eng d a9780462001258 aFISKHbengcFISKHdFISKH aPZ7 a372.6 aEdwards, SaraheAuthor aGo green /cWritten by Sarah Edwards aSingapore :bMarshall Cavendish International ,c2008 a16 pages :bphotographs ;c19 cm aMy pals are here! :v15e aG  aPeople all live on planet Earth. Do you know that some things people do can harm Earth? People need to look after Earth. Do you know how people can help look after Earth?8 a400 bLexile estimate 8 aG bRaz-Plus  aFactsvPlanet Earth aWhat people dovLook after the Earth